[Event "Goodricke Open"]
[Site "Calcutta IND"]
[Date "2000.02.08"]
[Round "3"]
[White "Prasad,D"]
[Black "Ravi,T"]
[Result "1/2-1/2"]
[WhiteElo "2421"]
[BlackElo "2373"]

1.d4 Nf6 2.c4 e6 3.Nf3 b6 4.a3 Bb7 5.Nc3 d5 6.cxd5 Nxd5 7.Qc2 c5 8.e4 Nxc3
9.bxc3 Nc6 10.Be3 cxd4 11.cxd4 Rc8 12.Qa4 Be7 13.Ba6 Bxa6 14.Qxa6 O-O 15.O-O Na5
16.Rfd1 Qc7 17.d5 exd5 18.exd5 Rfd8 19.Rac1 Qb7 20.Qxb7 Nxb7 21.Rxc8 Rxc8
22.Nd4 Bxa3 23.Ra1 Bc5 24.Rxa7 Nd6 25.Nc6 Re8 26.g3 Bxe3 27.fxe3 g6 28.Rd7 Nc4
29.e4 Rxe4 30.Rd8+ Kg7 31.d6 Re1+ 32.Kf2 Rd1 33.d7 Kf6 34.Nb8 Ne5 35.Ke2 Rd6
36.Rc8 Nxd7 37.Nxd7+ Rxd7 38.Rc6+ Kf5 39.Rxb6 Ra7 40.Rb5+ Kg4 41.Rb4+ Kf5
42.Kf3  1/2-1/2

[Event "Petroff Mem Open"]
[Site "St Petersburg RUS"]
[Date "2000.02.09"]
[Round "3"]
[White "Riazantsev,A"]
[Black "Yevseev,D"]
[Result "1/2-1/2"]
[WhiteElo "2442"]
[BlackElo "2496"]

1.d4 Nf6 2.c4 e6 3.Nf3 b6 4.a3 Bb7 5.Nc3 g6 6.Qc2 Bxf3 7.gxf3 Nc6 8.e3 Bg7
9.Bg2 Ne7 10.f4 d5 11.cxd5 exd5 12.O-O O-O 13.Ne2 Ne8 14.Bd2 Nd6 15.Bb4 a5
16.Bxd6 Qxd6 17.Rac1 Rfc8 18.Rfd1 c6  1/2-1/2

[Event "Blitz Chess Marathon"]
[Site "Dordrecht NED"]
[Date "2000.02.12"]
[Round "9.1"]
[White "Van Wely,L"]
[Black "Timman,J"]
[Result "1/2-1/2"]
[WhiteElo "2646"]
[BlackElo "2655"]

1.d4 Nf6 2.c4 e6 3.Nf3 b6 4.a3 Bb7 5.Nc3 d5 6.Bg5 Be7 7.Qa4+ Nfd7 8.Bxe7 Qxe7
9.cxd5 exd5 10.g3 O-O 11.Bg2 c5 12.O-O c4 13.Rad1 Bc6 14.Qc2 b5 15.Ne5 Nxe5
16.dxe5 Qxe5 17.Nxd5 a6 18.f4 Qe6 19.e4 Ra7 20.e5 Rd7 21.Nc3 Rfd8 22.Rxd7 Rxd7
23.Ne4 Bxe4 24.Qxe4 f5 25.Qa8 Qb6+ 26.Kh1 Rd8 27.h4 Kf8 28.Kh2 Nd7 29.Qf3 Nc5
30.Qf2 Na4 31.Qc2 g6 32.b3 cxb3 33.Qxb3 Nc5 34.Qe3 Na4 35.Qb3 Qc5 36.Qe6 Qe7
37.Qxa6 Nc3 38.Rc1 Ne2 39.Rc6 Nd4 40.Rf6+ Kg7 41.Qb6 Rd7 42.Rd6 Rxd6 43.exd6 Qe3
44.Qc7+ Kh6 45.Qe7 Qf2 46.Qg5+ Kg7 47.Qe7+ Kh6 48.Qg5+ Kg7  1/2-1/2

[Event "Petroff Mem Open"]
[Site "St Petersburg RUS"]
[Date "2000.02.16"]
[Round "9"]
[White "Yevseev,D"]
[Black "Ionov,S"]
[Result "0-1"]
[WhiteElo "2496"]
[BlackElo "2558"]

1.d4 Nf6 2.c4 e6 3.Nf3 b6 4.a3 c5 5.d5 Ba6 6.Qc2 exd5 7.cxd5 g6 8.Nc3 Bg7
9.g3 O-O 10.Bg2 d6 11.O-O Re8 12.Re1 b5 13.e4 Nbd7 14.Bf4 Qb6 15.h3 Rac8
16.Be3 Bb7 17.Nd2 a6 18.a4 b4 19.Nc4 Qc7 20.Nb1 a5 21.Nbd2 Ba6 22.Bf4 Bf8
23.Rad1 Nh5 24.e5 dxe5 25.d6 Qd8 26.Nxe5 Nxf4 27.gxf4 c4 28.Ndf3 Rc5 29.Nd4 Bxd6
30.Ndf3 Nf6 31.Ng5 Qc7 32.Nexf7 Rxe1+ 33.Rxe1 Bf8 34.Ne5 Bc8 35.Bf1 c3 36.Qb3+ Kg7
37.bxc3 bxc3 38.Rc1 Bd6 39.Ngf3 Bf5 40.Bc4 Ne4 41.Re1 Qb8 42.Bb5 Qb7 43.Rxe4 Bxe4
44.Nc4 c2 45.Qc3+ Kg8 46.Ne1 Bxf4 47.Nxc2 Qd5 48.Ne1 Qd1 49.Kf1 Rg5 50.Ne3 Bxe3
51.Bc4+ Bd5 52.fxe3 Rf5+ 53.Kg1 Bxc4 54.Qxc4+ Qd5 55.Qc7 Rf7 56.Qc3 Qf5 57.Kh2 Re7
58.Qb3+ Re6 59.Qb8+ Re8 60.Qb7 Qe5+  0-1

[Event "Masters KO"]
[Site "Cannes FRA"]
[Date "2000.02.19"]
[Round "1.1"]
[White "Relange,E"]
[Black "Chabanon,JL"]
[Result "0-1"]
[WhiteElo "2485"]
[BlackElo "2440"]

1.d4 Nf6 2.Nf3 e6 3.c4 b6 4.a3 Ba6 5.Qc2 Bb7 6.Nc3 c5 7.e4 cxd4 8.Nxd4 Bc5
9.Nb3 Nc6 10.Qe2 Nd4 11.Nxd4 Bxd4 12.Nb5 Be5 13.f4 Bb8 14.Nc3 O-O 15.e5 Ne8
16.Be3 f6 17.exf6 Qxf6 18.O-O-O Bc6 19.Kb1 Bxf4 20.Bd4 Qg6+ 21.Ka1 Nd6 22.Qe1 e5
23.Bd3 Qe6 24.Bf2 Bxg2 25.Rg1 Bf3 26.Rb1 e4 27.Bc2 Bxh2 28.Rg5 Bf4 29.Rg1 Be5
30.Nd5 Nxc4 31.Nc3  0-1

[Event "16th open"]
[Site "Cappelle La Grande FRA"]
[Date "2000.02.19"]
[Round "1"]
[White "Gormally,D"]
[Black "Milos,G"]
[Result "1-0"]
[WhiteElo "2504"]
[BlackElo "2620"]

1.d4 Nf6 2.Nf3 e6 3.c4 b6 4.a3 Ba6 5.Qc2 Bb7 6.Nc3 c5 7.e4 cxd4 8.Nxd4 Bc5
9.Nb3 Nc6 10.Bd3 Qb8 11.Nxc5 bxc5 12.f4 Nd4 13.Qd1 Bc6 14.O-O Qb7 15.Re1 d6
16.Rb1 a5 17.Be3 a4 18.Bf2 Nd7 19.Bh4 f6 20.Qh5+ g6 21.Qh6 Kf7 22.Bg3 Rag8
23.Qh3 f5 24.Bh4 Rg7 25.Qe3 Rb8 26.Qd2 Kg8 27.Nb5 Bxb5 28.cxb5 fxe4 29.Rxe4 d5
30.Ree1 Rf7 31.Bf2 Nb3 32.Qe2 Nf8 33.Qg4 Qc7 34.Re5 c4 35.Bc2 Rxb5 36.h4 Nc5
37.h5 Nd3 38.Bxd3 cxd3 39.hxg6 hxg6 40.Bd4 Qc4 41.f5 exf5 42.Qf4 Qc2 43.Qf1 Rh7
44.Rc1 Qd2 45.Re3 Rb3 46.Rc8 Rxb2 47.Ree8 Rf7 48.Bc3 Qc2 49.Bxb2 Qxb2 50.Qxd3 Kg7
51.Qxd5 Qxa3 52.Qe5+ Kg8 53.Rc6 Kh7  1-0

[Event "8th Valle d'Aosta Open"]
[Site "Saint Vincent ITA"]
[Date "2000.02.19"]
[Round "8"]
[White "Komarov,D"]
[Black "Tiviakov,S"]
[Result "1/2-1/2"]
[WhiteElo "2568"]
[BlackElo "2567"]

1.d4 Nf6 2.c4 e6 3.Nf3 b6 4.a3 Bb7 5.Nc3 d5 6.cxd5 Nxd5 7.e3 Be7 8.Bb5+ c6
9.Bd3 Nxc3 10.bxc3 c5 11.O-O O-O 12.Qe2 Nc6 13.Bb2 cxd4 14.cxd4 Bf6 15.Rad1 Rc8
16.e4 Na5 17.Rfe1 Re8 18.Bb5 Bc6 19.Ba6 Bb7 20.Bb5 Bc6  1/2-1/2

[Event "16th open"]
[Site "Cappelle La Grande FRA"]
[Date "2000.02.21"]
[Round "3"]
[White "Malakhatko,V"]
[Black "Vavrak,P"]
[Result "1-0"]
[WhiteElo "2568"]
[BlackElo "2360"]

1.d4 e6 2.c4 Nf6 3.Nf3 b6 4.a3 Ba6 5.Qc2 d5 6.Nbd2 Bb7 7.e3 Nbd7 8.b4 dxc4
9.Bxc4 c5 10.dxc5 bxc5 11.b5 Bd6 12.Bb2 O-O 13.O-O Qc7 14.Be2 Rad8 15.h3 Qb8
16.Rfd1 Nd5 17.Ng5 g6 18.Nc4 Be7 19.Ne4 f5 20.Ned2 Bf6 21.Bf3 a6 22.Rab1 axb5
23.Bxf6 Rxf6 24.Rxb5 Qc7 25.e4 fxe4 26.Nxe4 Rf4 27.Bg4 Nf8 28.Nxc5 Bc8 29.Rc1 Qc6
30.Qb2 Nc7 31.Ra5 Rd5 32.Nb6 Bb7 33.Nxd5  1-0

[Event "16th open"]
[Site "Cappelle La Grande FRA"]
[Date "2000.02.21"]
[Round "3"]
[White "Belichev,N"]
[Black "Milos,G"]
[Result "1/2-1/2"]
[WhiteElo "2414"]
[BlackElo "2620"]

1.d4 Nf6 2.c4 e6 3.Nf3 b6 4.a3 Ba6 5.Qc2 Bb7 6.Nc3 c5 7.e4 cxd4 8.Nxd4 Bc5
9.Nb3 Nc6 10.Bg5 h6 11.Bh4 Nd4 12.Nxd4 Bxd4 13.Bd3 Qb8 14.Bg3 Be5 15.Bxe5 Qxe5
16.O-O Ng4 17.g3 Qh5 18.h4 Ne5 19.Be2 Qg6 20.Kh2 Rc8 21.Rad1 O-O 22.Rd4 d5
23.cxd5 exd5 24.f4 Nc4 25.Nxd5 Bxd5 26.Bxc4 b5 27.Rxd5 Rxc4 28.Qg2 Rxe4 29.Rxb5 Rfe8
30.Rf2 Re1 31.Re5 R8xe5 32.fxe5 Qd3 33.Qb7 Qc4 34.Qa8+ Kh7 35.Qf3 Rxe5 36.Qxf7 Qxf7
37.Rxf7 Re2+ 38.Kh3 Rxb2 39.Rxa7 h5 40.Rf7 Ra2 41.Rf3 g5 42.hxg5 Kg6 43.Rb3 Kxg5
44.Rb5+ Kg6 45.Ra5 Kh6 46.a4 Kg6 47.Ra6+ Kg5 48.Ra8 Kg6 49.Ra6+  1/2-1/2

[Event "16th open"]
[Site "Cappelle La Grande FRA"]
[Date "2000.02.24"]
[Round "7"]
[White "Leitao,R"]
[Black "Kuzmin,G"]
[Result "0-1"]
[WhiteElo "2565"]
[BlackElo "2466"]

1.d4 Nf6 2.c4 e6 3.Nf3 b6 4.a3 Ba6 5.Qc2 Bb7 6.Nc3 c5 7.e4 cxd4 8.Nxd4 Nc6
9.Nxc6 Bxc6 10.Be2 Qc7 11.f4 e5 12.O-O Bd6 13.f5 Bc5+ 14.Kh1 Bd4 15.Bf3 h6
16.Ne2 O-O 17.Nxd4 exd4 18.e5 Qxe5 19.Bf4 Qxf4 20.Bxc6 Qxf1+ 21.Rxf1 dxc6
22.h3 c5 23.Rf3 Rfe8 24.b4 Rad8 25.Kh2 Rd7 26.bxc5 bxc5 27.Qb1 Rd6 28.Rd3 Rb6
29.Qc2 Re1 30.Rd1 Rxd1 31.Qxd1 Rd6 32.Qd3 Rd8 33.a4 h5 34.a5 h4 35.a6 Rd6
36.Qb3 Kh7 37.Qd3 Rxa6 38.Qf3 Rd6  0-1

[Event "NED-chT"]
[Site "Hengelo NED"]
[Date "2000.02.26"]
[Round "3"]
[White "Brenninkmeijer,J"]
[Black "Bouwmeester,H"]
[Result "1-0"]
[WhiteElo "2499"]
[BlackElo "2414"]

1.d4 Nf6 2.c4 e6 3.Nf3 b6 4.a3 Ba6 5.Qc2 Bb7 6.Nc3 c5 7.e4 cxd4 8.Nxd4 Bc5
9.Nb3 Nc6 10.Bg5 h6 11.Bh4 Nd4 12.Nxd4 Bxd4 13.Bd3 Qb8 14.Bg3 Be5 15.Qd2 g5
16.O-O-O Bf4 17.Bxf4 Qxf4 18.Qxf4 gxf4 19.f3 d6 20.Ne2 e5 21.g3 fxg3 22.hxg3 Ke7
23.g4 Rag8 24.Ng3 Bc8 25.Be2 h5 26.Nxh5 Nxh5 27.gxh5 Rg5 28.h6 Rg2 29.Rd2 Be6
30.Bf1 Rxd2 31.Kxd2 Kf6 32.Ke3 Kg5 33.h7 Kg6 34.Be2 Kg7 35.Rd1 Rd8 36.b4 Rc8
37.Rxd6 Kxh7 38.Kd2 Kg7 39.Kc3 Kf6 40.b5 Ke7 41.Rd2 Rc7 42.a4 Bd7 43.Kb4 Be6
44.a5 Bc8 45.Rd5 bxa5+ 46.Kxa5 f6 47.Kb4 Bb7 48.Rd1 f5 49.exf5 Kf6 50.c5 Kxf5
51.c6 Bc8 52.Rd8 Be6 53.Rf8+ Kg5 54.Kc5  1-0

[Event "NED-chT"]
[Site "Hengelo NED"]
[Date "2000.02.27"]
[Round "4"]
[White "Strating,S"]
[Black "Werle,J"]
[Result "1-0"]
[WhiteElo "2334"]
[BlackElo "2311"]

1.d4 Nf6 2.c4 e6 3.Nf3 b6 4.a3 Bb7 5.Nc3 d5 6.cxd5 Nxd5 7.Qc2 Be7 8.e4 Nxc3
9.bxc3 O-O 10.Bd3 c5 11.Qe2 Qc8 12.O-O Ba6 13.Rd1 Rd8 14.Bf4 cxd4 15.cxd4 Bxd3
16.Rxd3 Nd7 17.Rb3 Qb7 18.h3 Rac8 19.Rd1 Qc6 20.Rbd3 Qc2 21.Qe3 b5 22.Ne1 Qa4
23.Qg3 Bf8 24.d5 e5 25.Bxe5 Qxe4 26.Bc7 Re8 27.d6 g6 28.Rd4 Qc6 29.Nd3 Qc3
30.Nb4 Re1+ 31.Kh2 Qxg3+ 32.Kxg3 Rxd1 33.Rxd1 Nf6 34.Kh2 Kg7 35.g3 Ra8 36.d7 Nxd7
37.Rxd7 a5 38.Nc2 b4 39.axb4 axb4 40.Be5+ Kg8 41.Nd4 Re8 42.Bf6 Bc5 43.Kg2 Rb8
44.Nb3 Bf8 45.Rd8 Rxd8 46.Bxd8 f5 47.Kf3 Kf7 48.Ke3 Ke6 49.Kd4 Bg7+ 50.Kc4 Bc3
51.Nc5+ Ke5 52.Bc7+  1-0

[Event "3rd Open"]
[Site "Malaga ESP"]
[Date "2000.02.29"]
[Round "5"]
[White "Estremera Panos,S"]
[Black "Caoili,A"]
[Result "1-0"]
[WhiteElo "2353"]
[BlackElo "2078"]

1.d4 Nf6 2.c4 e6 3.Nf3 b6 4.a3 Bb7 5.Nc3 d5 6.Bg5 Be7 7.Qa4+ Bc6 8.Qc2 O-O
9.Bxf6 Bxf6 10.cxd5 exd5 11.e3 Bb7 12.Bd3 h6 13.h4 c5 14.g4 cxd4 15.exd4 Re8+
16.Be2 Nc6 17.O-O-O Qd6 18.Kb1 g6 19.g5 hxg5 20.hxg5 Be7 21.Rh4 Kg7 22.Nb5 Qd7
23.Bf1 Rh8 24.Bh3 Qd8 25.Rxh8 Kxh8 26.Ne5 Nxe5 27.dxe5 Bxg5 28.Nd6 Qe7 29.f4 Bh6
30.f5 Kh7 31.Nxf7 Be3 32.fxg6+ Kg7 33.Nd6 Qxe5 34.Qc7+ Kxg6 35.Qf7+ Kh6 36.Qxb7  1-0

[Event "Oz.com qualifier blitz"]
[Site "Internet ICC"]
[Date "2000.03.05"]
[Round "1"]
[White "Acevedo,A"]
[Black "Gelashvili,T"]
[Result "0-1"]
[WhiteElo "2235"]
[BlackElo "2514"]

1.d4 Nf6 2.c4 e6 3.Nf3 b6 4.a3 Bb7 5.Nc3 d5 6.e3 Be7 7.cxd5 Nxd5 8.Bb5+ c6
9.Nxd5 exd5 10.Bd3 O-O 11.O-O Nd7 12.b4 a5 13.Rb1 axb4 14.axb4 b5 15.e4 dxe4
16.Bxe4 Nf6 17.Bd3 Qd5 18.h3 Rfe8 19.Be3 h6 20.Qc2 Ra2 21.Rb2 Rea8 22.Rxa2 Rxa2
23.Qb1 Bc8 24.Ne5 Ra4 25.Bd2 Bd6 26.Bc3 Ra3 27.Rc1 Bb7 28.Qb2 Ra2 29.Qb1 Ra3
30.Nf3 Rb3 31.Qc2 Bxb4 32.Bxb4 Rxb4 33.Qe2 Qd6 34.g3 Ra4 35.Kh2 Ra8 36.Re1 Rd8
37.Qe7 Qxe7 38.Rxe7 Rd7 39.Rxd7 Nxd7 40.d5 b4 41.Bf5 Nf6 42.d6 Kf8 43.Nd4 g6
44.Bc2 Ke8 45.Bb3 Ne4 46.d7+ Kxd7 47.Bxf7 c5 48.Nb3 Kd6 49.f3 Ng5 50.Bg8 Nxf3+  0-1

[Event "Oz.com qualifier blitz"]
[Site "Internet ICC"]
[Date "2000.03.05"]
[Round "5"]
[White "Hernando Rodrigo,Jo"]
[Black "Palsson,H"]
[Result "1/2-1/2"]
[WhiteElo "2324"]
[BlackElo "2182"]

1.d4 Nf6 2.c4 e6 3.Nf3 b6 4.a3 Bb7 5.Nc3 d5 6.cxd5 exd5 7.g3 c6 8.Bg2 Bd6
9.O-O Nbd7 10.Bf4 Bxf4 11.gxf4 O-O 12.Ne5 Qe7 13.Rc1 Nh5 14.e3 g6 15.Qa4 Nxe5
16.fxe5 f6 17.exf6 Rxf6 18.b4 Qd6 19.Qb3 Kh8 20.b5 Rd8 21.bxc6 Bxc6 22.Nb5 Bxb5
23.Qxb5 Ng7 24.Rc3 Qe6 25.Rfc1 Qg4 26.h3 Qf5 27.R1c2 Ne6 28.Rc8 Rff8 29.Rxd8 Rxd8
30.Rc6 Ng5 31.Qb4 Nf3+ 32.Bxf3 Qxf3 33.Qe7 Rf8 34.Qe5+ Kg8 35.Qe6+ Kh8 36.Qe5+ Kg8
37.Qh2 Qd1+ 38.Kg2 Qf3+ 39.Kf1 Qd1+ 40.Kg2 Qf3+ 41.Kg1 Qd1+ 42.Kg2 Qf3+ 43.Kg1 Qd1+
44.Kg2 Qf3+ 45.Kg1 Qd1+ 46.Kg2 Qf3+  1/2-1/2

[Event "Oz.com qualifier blitz"]
[Site "Internet ICC"]
[Date "2000.03.05"]
[Round "5"]
[White "Bjarnason,S"]
[Black "Soza,J"]
[Result "1-0"]
[WhiteElo "2305"]
[BlackElo "2165"]

1.d4 Nf6 2.c4 e6 3.Nf3 b6 4.a3 Bb7 5.Nc3 d5 6.Bg5 Be7 7.e3 Nbd7 8.Bd3 h6
9.Bh4 O-O 10.O-O c5 11.cxd5 Nxd5 12.Bxe7 Qxe7 13.Nxd5 Bxd5 14.e4 Bb7 15.Qe2 cxd4
16.Nxd4 Nc5 17.Bc2 Rfd8 18.Rad1 Qf6 19.Qe3 Rac8 20.Rd2 e5 21.Nf3 Rxd2 22.Nxd2 Ba6
23.Rd1 Ne6 24.Bd3 Bxd3 25.Qxd3 Rd8 26.Qf1 Nf4 27.Nc4 Rd4 28.f3 Qd8 29.Ne3 Qd6
30.b4 g6 31.g3 Ne6 32.Nd5 Kg7 33.Rxd4 Nxd4 34.Kg2 Qc6 35.Qb1 Qc4 36.Qb2 Qd3
37.Qf2 b5 38.h4 a6 39.g4 Ne6 40.Qe3 Nf4+ 41.Kg3 Qxe3 42.Nxe3 Kf6 43.Kf2 h5
44.gxh5 gxh5 45.Nf5 Nd3+ 46.Ke3 Nb2 47.Nd6 Ke7 48.Nb7 Nc4+ 49.Kd3 Nxa3 50.Nc5 f5
51.exf5 Kf6 52.Ke4 Nc2 53.Nxa6 Nd4 54.Nc7 Nxf5 55.Nd5+ Ke6 56.Nc7+ Kf6 57.Nd5+ Kg6
58.Kxe5 Nxh4 59.f4 Nf3+ 60.Ke4 Nd2+ 61.Ke5 Nc4+ 62.Ke6 h4 63.f5+ Kg5 64.f6 Kg6
65.f7  1-0

[Event "NED-chT"]
[Site "Leeuwarden NED"]
[Date "2000.03.18"]
[Round "5"]
[White "Konings,L"]
[Black "Hoeksema,E"]
[Result "0-1"]
[WhiteElo "2255"]
[BlackElo "2405"]

1.d4 Nf6 2.c4 e6 3.Nf3 b6 4.a3 Bb7 5.Nc3 g6 6.Bg5 Bg7 7.e4 h6 8.Bxf6 Qxf6
9.Bd3 d6 10.Qa4+ Nd7 11.e5 Qe7 12.Nb5 O-O 13.Qb4 Bxf3 14.gxf3 c5 15.exd6 Qf6
16.Qd2 Qxf3 17.Rg1 cxd4 18.Rg3 Ne5 19.Bf1 Qxg3 20.hxg3 Nf3+ 21.Kd1 Nxd2 22.Kxd2 a6
23.Nc7 Rad8 24.Nxa6 Rxd6 25.b4 d3 26.Rb1 Bd4 27.f3 Ra8 28.b5 Rc8 29.Bxd3 Bf2
30.Rb3 Rxc4 31.g4 Rc8 32.Ke2 Bd4 33.a4 f5 34.Rb1 Rc3 35.Nb4 Bc5 36.Na6 Rcxd3
37.Nxc5 Ra3 38.Na6 Rxa4 39.gxf5 exf5  0-1

[Event "Amber Rapidplay"]
[Site "Monaco MNC"]
[Date "2000.03.19"]
[Round "4"]
[White "Van Wely,L"]
[Black "Anand,V"]
[Result "1-0"]
[WhiteElo "2646"]
[BlackElo "2769"]

1.d4 Nf6 2.Nf3 e6 3.c4 b6 4.a3 Bb7 5.Nc3 d5 6.Bg5 Be7 7.Qa4+ c6 8.Bxf6 Bxf6
9.cxd5 exd5 10.g3 O-O 11.Bg2 Na6 12.O-O Nc7 13.Rfd1 Re8 14.e3 g6 15.Rac1 Re7
16.Ne2 Nb5 17.Nf4 Bg7 18.h4 Qe8 19.Nd3 Nd6 20.Nfe5 c5 21.Qxe8+ Raxe8 22.Nf4 Ne4
23.Nf3 Rd8 24.Ng5 cxd4 25.exd4 h6 26.Nf3 Nd6 27.b3 Bf6 28.a4 Kg7 29.Bh3 Ne4
30.Rc2 Nd6 31.Rdc1 Rde8 32.Rc7 Rxc7 33.Rxc7 Re7 34.Rc1 a5 35.Nd3 Ba6 36.Nde5 Be2
37.Rc6 Ne4 38.Bf1 Bxf3 39.Nxf3 Re6 40.Rc2 Rd6 41.Bh3 Kf8 42.Rc7 h5 43.Bf1 g5
44.hxg5 Nxg5 45.Rc8+ Kg7 46.Nh4 Re6 47.f4 Ne4 48.Bh3 Bxd4+ 49.Kg2 Rf6 50.Rd8 Bc5
51.Rxd5 Nd6 52.Rxh5 Rh6 53.Rd5 Kf8 54.Nf3 Ne4 55.Bf5 Nd6 56.Bg4 Ne4 57.Bf5 Nd6
58.Bd3 Kg7 59.Re5 Rh8 60.g4 Re8 61.Rxe8 Nxe8 62.Ne5 Nd6 63.Kf3 f6 64.Nd7 Bd4
65.Bc4 Bg1 66.Nb8 Bd4 67.Nc6 Bg1 68.Kg3 Bc5 69.Kh4 Kh6 70.Ne7 Bf2+ 71.Kh3 Bc5
72.Nd5 Kg7 73.Kh4 Ne4 74.Bd3 Nd2 75.Bc2 Nf3+ 76.Kg3 Nd4 77.Bd1 Ne6 78.Kf3 Nd8
79.Ke4 Nc6 80.Be2 Ne7 81.Nc7 Kg6 82.Bd3 Bg1 83.Kf3+ Kf7 84.Bc4+ Kg6 85.Be6 Bc5
86.Ke4 Bg1 87.Nb5 Bc5 88.Nd4 Kh6 89.Bc4 Kg6 90.Kd3 Kh6 91.Ne6 Bg1 92.Bb5 Kh7
93.Kc4 Kg8 94.Be8 Be3 95.f5 Bg1 96.Kb5 Kh7 97.Bc6 Kh6 98.Bb7 Be3 99.Bf3 Bg1
100.Ka6 Nc8 101.Kb7 Nd6+ 102.Kc6 Nf7 103.Be2 Be3 104.Kd7 Ng5 105.Ke7 Nh7
106.Kf7 Bf2 107.Bb5 Bg3 108.Ke7 Be5 109.Bc6 Ng5 110.Nf8 Nh3 111.Nd7 Bd4 112.Nxf6 Nf4
113.Ne4  1-0

[Event "Amber Rapidplay"]
[Site "Monaco MNC"]
[Date "2000.03.22"]
[Round "6"]
[White "Piket,Je"]
[Black "Karpov,An"]
[Result "1/2-1/2"]
[WhiteElo "2633"]
[BlackElo "2696"]

1.d4 Nf6 2.c4 e6 3.Nf3 b6 4.a3 Bb7 5.Nc3 d5 6.cxd5 Nxd5 7.e3 g6 8.Bb5+ c6
9.Ba4 Bg7 10.O-O O-O 11.e4 Nxc3 12.bxc3 c5 13.Bg5 f6 14.Be3 Bxe4 15.dxc5 bxc5
16.Bxc5 Qxd1 17.Rfxd1 Rc8 18.Be3 Bd5 19.Nd4 f5 20.Rab1 Bxd4 21.Bxd4 Nc6 22.Bxc6 Bxc6
23.f3 Bd5 24.Rb4 a5 25.Rb6 g5 26.Kf2 Kf7 27.h4 gxh4 28.Rh1 Rab8 29.Rxh4 Rxb6
30.Bxb6 Rxc3 31.Bxa5 Rxa3 32.Rxh7+ Kg6 33.Ra7 Ra2+ 34.Kg1 f4 35.Bb6  1/2-1/2

[Event "ch-ISL (team)"]
[Site "Reykjavik ISL"]
[Date "2000.03.24"]
[Round "?"]
[White "Gretarsson,H"]
[Black "Ulfarsson,M"]
[Result "1-0"]
[WhiteElo "2544"]
[BlackElo "2290"]

1.d4 Nf6 2.c4 e6 3.Nf3 b6 4.a3 Ba6 5.Nbd2 Bb7 6.e3 c5 7.Bd3 cxd4 8.exd4 d5
9.b3 Be7 10.Bb2 O-O 11.O-O Nh5 12.Re1 Nd7 13.Rc1 Rc8 14.Nf1 Nf4 15.Bb1 Bd6
16.Ne3 Qf6 17.Ne5 Rfd8 18.Qg4 Qh6 19.Nxd7 Rxd7 20.h4 Rdc7 21.g3 Nh5 22.Rcd1 g6
23.Qg5 Qxg5 24.hxg5 Be7 25.Bc1 Bxg5 26.Nxd5 exd5 27.Bxg5 dxc4 28.bxc4 Rxc4
29.d5 R4c7 30.d6 Rd7 31.Re7 Rdd8 32.d7 Ra8 33.Ba2 Rf8 34.Rxf7 Rxf7 35.d8=Q+  1-0

[Event "It"]
[Site "Tel Aviv ISR"]
[Date "2000.03.26"]
[Round "6"]
[White "Gofshtein,L"]
[Black "Gershon,A"]
[Result "1/2-1/2"]
[WhiteElo "2580"]
[BlackElo "2471"]

1.d4 Nf6 2.c4 e6 3.Nf3 b6 4.a3 Bb7 5.Nc3 d5 6.cxd5 Nxd5 7.e3 g6 8.h4 Bg7
9.h5 O-O 10.hxg6 hxg6 11.Bd2 c5 12.Bc4 Nc6 13.Ne4 Nf6 14.Neg5 cxd4 15.e4 Qd6
16.Rh4 Nd7 17.Bf4  1/2-1/2

[Event "AB Puchko Mem"]
[Site "Alushta UKR"]
[Date "2000.03.27"]
[Round "9"]
[White "Sulypa,A"]
[Black "Gaprindashvili,V"]
[Result "1-0"]
[WhiteElo "2449"]
[BlackElo "2446"]

1.c4 Nf6 2.Nf3 e6 3.d4 b6 4.a3 Ba6 5.Qc2 Bb7 6.Nc3 c5 7.e4 cxd4 8.Nxd4 Nc6
9.Nxc6 Bxc6 10.Qe2 e5 11.Nd5 Bc5 12.Bg5 Bxd5 13.exd5 O-O 14.O-O-O b5 15.cxb5 Qb6
16.Kb1 a6 17.d6 axb5 18.Bxf6 gxf6 19.Qg4+ Kh8 20.Bd3 Rg8 21.Qe4 Kg7 22.Qxh7+ Kf8
23.Be4 Rb8 24.Bd5 Rg7 25.Qh8+ Rg8 26.Qxf6 Rg7 27.Bxf7 Rd8 28.Qxe5 Rxf7 29.Qh8+  1-0

[Event "ch-LTU"]
[Site "Vilnius LTU"]
[Date "2000.04.01"]
[Round "8"]
[White "Cmilyte,V"]
[Black "Bandza,A"]
[Result "1-0"]
[WhiteElo "2329"]
[BlackElo "2391"]

1.d4 Nf6 2.c4 e6 3.Nf3 b6 4.a3 Bb7 5.Nc3 d5 6.Qc2 Be7 7.cxd5 exd5 8.g3 O-O
9.Bh3 Nbd7 10.O-O Re8 11.Bf4 Nh5 12.Bd2 a6 13.Rad1 Bd6 14.Bc1 Nhf6 15.b4 Ne4
16.Bb2 Qe7 17.Nxe4 dxe4 18.Ne5 Nxe5 19.dxe5 Bxe5 20.Rd7 Qf6 21.Bxe5 Qxe5
22.Qxc7 Qxc7 23.Rxc7 Bc8 24.Bxc8 Raxc8 25.Rfc1 Rxc7 26.Rxc7 g6 27.Ra7 a5
28.bxa5 bxa5 29.Rxa5 Rb8 30.g4 h6 31.h4 Rb2 32.e3 Ra2 33.Kg2 Kf8 34.a4 Kg7
35.g5 hxg5 36.hxg5 Kf8 37.Ra7 Ke8 38.a5 Kf8 39.Kg3 Kg7 40.a6 Kf8 41.Kf4 Rxf2+
42.Kxe4 Ra2 43.Kd5 Rd2+ 44.Kc6 Rc2+ 45.Kb7 Rb2+ 46.Kc8 Ra2 47.Ra8 Ke7 48.Kb7 Kd7
49.Rf8 Rb2+ 50.Ka7 Rf2 51.Kb6 Rb2+ 52.Kc5 Ke7 53.a7 Rc2+ 54.Kd4 Kxf8 55.a8=Q+ Kg7
56.Qe4 Rf2 57.Qe5+ Kg8 58.e4 Rf1 59.Ke3 Re1+ 60.Kf2 Rb1 61.Qf6 Rb7 62.Ke2 Kh7
63.Kd3 Kg8 64.Kc4 Ra7 65.Kb5  1-0

[Event "Open"]
[Site "Bad Wildbad GER"]
[Date "2000.04.02"]
[Round "3"]
[White "Maugg,L"]
[Black "Nikolac,J"]
[Result "0-1"]
[WhiteElo "2148"]
[BlackElo "2449"]

1.d4 Nf6 2.c4 e6 3.Nf3 b6 4.a3 Bb7 5.Nc3 g6 6.Qc2 Bg7 7.e4 O-O 8.Be2 d5 9.cxd5 exd5
10.e5 Ne4 11.O-O c5 12.dxc5 bxc5 13.Bf4 Nd7 14.Bb5 Qe7 15.Bxd7 Qxd7 16.Nxe4 dxe4
17.Nd2 Qg4 18.Be3 Rfe8 19.Qxc5 Rxe5 20.Qc7 Rb5 21.h3 Qe6 22.Qc4 Qe8 23.Rab1 Bd5
24.Qa4 Rxb2 25.Qxe8+ Rxe8 26.Rxb2 Bxb2 27.Bxa7 Bxa3 28.Rb1 f5 29.Rb8 Rxb8
30.Bxb8 g5 31.g3 Bc1 32.Nf1 f4 33.Ba7 Kf7 34.Nh2 Bc4 35.Ng4 Ke6 36.Bd4 h5
37.Nh2 Kd5 38.Bf6 fxg3 39.fxg3 e3 40.Nf3 g4 41.hxg4 hxg4 42.Ne1 Bd2 43.Ng2 Ke4
44.Bg5 Kf3 45.Bf4 Bd3 46.Nh4+ Ke2  0-1

[Event "19th Open"]
[Site "Reykjavik ISL"]
[Date "2000.04.06"]
[Round "2"]
[White "Gretarsson,H"]
[Black "Sarbok,T"]
[Result "1/2-1/2"]
[WhiteElo "2544"]
[BlackElo "2285"]

1.d4 Nf6 2.c4 e6 3.Nf3 b6 4.a3 Bb7 5.Nc3 d5 6.cxd5 exd5 7.g3 Be7 8.Qa4+ c6
9.Bg2 O-O 10.O-O Nbd7 11.Bf4 b5 12.Qc2 a5 13.Rfd1 Nb6 14.Ne5 Nh5 15.Bd2 f6
16.Nd3 f5 17.a4 b4 18.Na2 Nd7 19.Nac1 Bd6 20.Bf3 Qe8 21.Nb3 Nhf6 22.Bf4 Bxf4
23.gxf4 Ne4 24.Kh1 Rf6 25.Rg1 Qe7 26.Rg2 Rh6 27.Rag1 Kh8 28.Ne5 Nxe5 29.fxe5 Qh4
30.Bxe4 fxe4 31.Qc5 Rg8 32.Nd2 Ba6 33.f3 Qf4 34.Qc1 Qe3 35.Nb1 Qxc1 36.Rxc1 exf3
37.exf3 Rf8 38.Nd2 Bd3 39.Rc5 Rh4 40.Rg4 Rxg4 41.fxg4 Rf2 42.Rxc6 Kg8 43.e6 Kf8
44.Nb3 Rxb2 45.Nxa5 Bc2 46.Rc7 Bxa4 47.Nb7 b3 48.Nd6 Re2 49.e7+ Rxe7 50.Rc8+ Be8
51.Rb8 Re6 52.Nxe8 Rxe8 53.Rxb3 Re4 54.h3 Rxd4 55.Kg2 Kf7 56.Kf3 Kf6 57.h4 h5
58.Rb6+ Ke5 59.gxh5 Rxh4 60.Rg6 Rxh5 61.Rxg7 Kd4 62.Ke2 Rh2+ 63.Kd1 Kc3 64.Rg3+ Kc4
65.Rf3 d4 66.Rg3 d3 67.Rg8  1/2-1/2

[Event "Open"]
[Site "Dos Hermanas ESP"]
[Date "2000.04.08"]
[Round "2"]
[White "Lopez Rodriguez,F"]
[Black "Komljenovic,D"]
[Result "0-1"]
[WhiteElo "2146"]
[BlackElo "2506"]

1.d4 Nf6 2.Nf3 e6 3.c4 b6 4.a3 Bb7 5.Nc3 d5 6.cxd5 Nxd5 7.Qc2 Be7 8.e4 Nxc3
9.bxc3 O-O 10.Bd3 c5 11.O-O Nc6 12.Bb2 Rc8 13.Qe2 Qc7 14.d5 c4 15.Bxc4 Na5
16.Ba2 exd5 17.exd5 Bf6 18.Rfd1 Rfd8 19.Nd4 Bxd5 20.Nb5 Bc4 21.Nxc7 Bxe2
22.Rxd8+ Rxd8 23.Nd5 Bc4 24.Bxc4 Nxc4 25.Rd1 Kf8 26.Bc1 b5 27.Kf1 Be7 28.Ke2 Bxa3
29.Bf4 Bc5 30.Nc7 Rxd1 31.Kxd1 Bxf2 32.Nxb5 a6 33.Nc7 a5 34.Ke2 a4 35.Na6 a3
36.Nb4 Bc5 37.Na2 Ke7 38.Kd3 Nb2+ 39.Kc2 Ke6 40.Kb3 Nd3 41.Bd2 Bd6 42.h3 Nc5+
43.Kc4 Ke5 44.Be3 Ne6 45.Kb5 Ke4 46.Bg1 Kd3 47.c4 Kc2 48.c5 Bg3 49.c6 Kb3
50.Nc1+ Kc2 51.Be3 Kb2  0-1

[Event "19th Open"]
[Site "Reykjavik ISL"]
[Date "2000.04.09"]
[Round "5"]
[White "Gretarsson,H"]
[Black "Steindorsson,S"]
[Result "1-0"]
[WhiteElo "2544"]
[BlackElo "2056"]

1.d4 Nf6 2.c4 e6 3.Nf3 b6 4.a3 Bb7 5.Nc3 d5 6.cxd5 Nxd5 7.Qc2 c5 8.e4 Nxc3
9.bxc3 Be7 10.Bb5+ Bc6 11.Bd3 O-O 12.O-O h6 13.Rd1 cxd4 14.cxd4 Qd7 15.Ne5 Ba4
16.Nxd7 Bxc2 17.Bxc2 Nxd7 18.Bd3 Bf6 19.Bb2 Nc5 20.Bc2 Nd7 21.e5 Be7 22.Ba4 Rfd8
23.Rac1 b5 24.Bxb5 Rab8 25.a4 a6 26.Bxd7 Rxb2 27.Rc7 Bb4 28.Kf1 Kf8 29.d5 exd5
30.Rxd5 a5 31.g3 g6 32.Rb5 Rd2 33.Rbb7 Rd1+ 34.Kg2 Re1 35.Bb5 Rxe5 36.Rxf7+ Kg8
37.Bc4  1-0

[Event "73rd City-ch"]
[Site "St Petersburg RUS"]
[Date "2000.04.13"]
[Round "11"]
[White "Popov,Val"]
[Black "Loginov,Va"]
[Result "1-0"]
[WhiteElo "2534"]
[BlackElo "2512"]

1.d4 Nf6 2.c4 e6 3.Nf3 b6 4.a3 Bb7 5.Nc3 d5 6.cxd5 exd5 7.Bg5 Be7 8.e3 O-O
9.Be2 Nbd7 10.O-O h6 11.Bf4 c5 12.Ne5 cxd4 13.Qxd4 Nc5 14.Rad1 Ne6 15.Qa4 Nc5
16.Qc2 Rc8 17.Qf5 Bd6 18.Bf3 Bb8 19.Ng4 Nxg4 20.Qxg4 Bxf4 21.Qxf4 Ba6 22.Rxd5 Qc7
23.Qxc7 Rxc7 24.Rfd1 Bb7 25.Rd6 Bxf3 26.gxf3 Ne6 27.Nb5 Rc2 28.R6d2 Rxd2
29.Rxd2 a6 30.Nc3 Rb8 31.Rd6 a5 32.a4 Nc5 33.Kf1 Kf8 34.Ke2 Ke8 35.f4 f6
36.Kf3 Nd7 37.Ke4 Ke7 38.Kd5 Nc5 39.Rc6 Kd7 40.Rd6+ Kc7 41.Rc6+ Kd7 42.Nb5 Na6
43.Rd6+ Ke7 44.h4 h5 45.b3 Ke8 46.Nd4 Nc5 47.f3 Nd7 48.Rc6 Nc5 49.Rc7 Kf8
50.Kc4 Re8 51.e4 Ne6 52.Nxe6+ Rxe6 53.Kd5 Re8 54.e5 Rd8+ 55.Ke6 fxe5 56.fxe5 Re8+
57.Kf5 Rb8 58.f4 b5 59.Ra7 bxa4 60.bxa4  1-0